000 00960nam a2200241 a 4500
001 BRCA_8937
003 FranzMayer
005 20230721102035.0
008 300617s1737----it-#######---#000-0#lat-#
040 _cMFM
041 _alat
044 _ait
084 _aLE30
_b.P53 1737
100 1 _aPlatelli, Jacobi
_922029
245 1 0 _aR.P. Jacobi Platelli è Societate Jesu, Ss. Theolog. in Universitate Duacena Professoris, Synopsis Universi cursus theologici accuratissima
_btomus septimus postremus, & Posthumus De reliquis Sacramentis in specie: Theologics, ac Concionatoribus perutilem, nec minus necessarium.
260 _aVenetiis
_bApud Josephum Corona
_c1737
300 _a[39], 444 p. (t.7)
_c15 x 9 cm.
500 _aSuperiorum permissu, ac Privilegio
500 _aEstado físico: presenta encuadernación en pergamino con presencia del pez de plata
650 1 4 _aTeología
_yObras anteriores a 1800
_922214
902 _aCFM
942 _2lcc
_cB
999 _c8588
_d8588